01557nam a2200301 a 4500001001000000005001700010008004100027041000800068044000800076084002100084100004500105245017700150260002800327300003300355440002000388500019500408500006800603500022000671500001000891546002400901650005200925650005600977650003401033650004501067700005001112700004301162740005001205BRCA_323420190320204158.0060309s1799----enka---###---#000-0#eng-# aeng aenk a535b.C666c17991 aCervantes Saavedra, Miguel ded1547-161610aThe History and Adventures of the Renowned Don QuixotecTranslated from the Spanish of Miguel de Cervantes Saavedra by Smollett to which is Prefixed the Life of the Author. aLondresbC. Cookec1799 a2 v. en 4 tomosbil.c15 cm. 0aSelected Novels aContenido : v.1. Primera parte. Vida de Cervantes. Advertencia de Smollett. Prólogo del autor. -- v.2 Segunda parte. Prólogo del autor. Aprobaciones y licencia de la edición príncipe aEdición : Cook´s Edition. Embellished with Superb Engravings aEdición de bolsillo de la traducción de Smollett, adornada con láminas dibujadas por Hayman y otros. Bonita edición, impresa con tipos pequeños. Piel; lomeras decoradas con filetes dorados Lúdovik Osterc aQM428 aTexto en : inglés14aNovela españolayÉpoca clásica, 1500-170014aLiteratura españolayÉpoca clásica, 1500-170014aNovela españolaySiglo XVII14aDon Quijote (Personaje ficticio)eNovela1 aSmollett, Tobias Georged1721-1771eTraductor1 aHayman, Francisd1708-1776eIlustrador0 aEl Ingenioso Hidalgo Don Quijote de la Mancha